Three Biggest Cities in Each Country in Europe - Statistics

General Stats
  • This quiz has been taken 44 times
  • The average score is 84 of 131
Answer Stats
Hint Answer % Correct
Andorra Andorra la Vella
97%
Bosnia & Herzegovina Sarajevo
97%
Albania Tirana
97%
Austria Vienna
97%
Netherlands Amsterdam
94%
Greece Athens
94%
Serbia Belgrade
94%
Germany Berlin
94%
Hungary Budapest
94%
Denmark Copenhagen
94%
Ireland Dublin
94%
Ukraine Kyïv
94%
Portugal Lisbon
94%
Spain Madrid
94%
Marseille
94%
Milan
94%
Belarus Minsk
94%
Monaco Monaco
94%
Russia Moscow
94%
Munich
94%
Naples
94%
Norway Oslo
94%
France Paris
94%
Czechia Prague
94%
Latvia Riga
94%
Italy Rome
94%
Rotterdam
94%
Saint Petersburg
94%
Bulgaria Sofia
94%
Sweden Stockholm
94%
Poland Warsaw
94%
Croatia Zagreb
94%
Antwerp
91%
Barcelona
91%
Slovakia Bratislava
91%
Romania Bucharest
91%
Geneva
91%
Hamburg
91%
Finland Helsinki
91%
Luxembourg Luxembourg
91%
Lyon
91%
Montenegro Podgorica
91%
Iceland Reykjavik
91%
Estonia Tallinn
91%
Vaduz
91%
Switzerland Zurich
91%
Moldova Chișinău
88%
Cork
88%
Krakow
88%
Slovenia Ljubljana
88%
Cyprus Nicosia
88%
Porto
88%
Kosovo Pristina
88%
San Marino
88%
North Macedonia Skopje
88%
Lithuania Vilnius
88%
Vatican City Vatican City
82%
Graz
79%
The Hague
79%
Bergen
76%
Brno
76%
Valencia
76%
Cluj-Napoca
73%
Linz
73%
Malmö
73%
Split
73%
Basel
70%
Debrecen
67%
Kaunas
67%
Novi Sad
67%
Plovdiv
67%
Thessaloniki
67%
Liege
64%
Limerick
64%
Tiraspol
64%
Durres
61%
Košice
61%
Niš
61%
Varna
61%
Maribor
58%
Novosibirsk
58%
Tampere
58%
Wroclaw
55%
Banja Luka
52%
Limassol
52%
Odense
52%
Rijeka
52%
Stavanger
48%
Espoo
45%
Gomel
45%
Göteborg
45%
Ostrava
45%
Tartu
45%
Belgium Brusells
42%
Iași
42%
Daugavpils
39%
Odesa
36%
Liechtenstein Schaan
36%
Klaipeda
33%
Larnaca
33%
Mosta
33%
Prizren
33%
Budva
30%
Esch-sur-Alzette
30%
Vitebsk
30%
Narva
27%
Nikšić
27%
Szeged
27%
Akureyri
24%
Arhus
24%
Bitola
24%
Escaldes-Engordany
24%
Kumanovo
24%
Patras
24%
Tuzla
24%
Bălți
21%
Malta Saint Pauls Bay
21%
San Marino Serravalle
21%
Birkirkara
18%
Differdange
18%
Keflavík
18%
Liepaja
18%
Elbasan
15%
Vila Nova de Gaia
15%
Borgo Maggiore
12%
Celje
12%
Charkiv
12%
Encamp
9%
Prešov
9%
Gjilan
6%
Triesen
6%
No matching quizzes found
Score Distribution
Percent of People with Each Score
Percentile by Number Answered
Your Score History
You have not taken this quiz